Cardinal characters in the New Testament: (Record no. 5086)

000 -LEADER
fixed length control field 00608nam a2200181 a 4500
001 - CONTROL NUMBER
control field :::00002827$&:&@@
003 - CONTROL NUMBER IDENTIFIER
control field OkBaRHE
005 - DATE AND TIME OF LATEST TRANSACTION
control field 20000607103257.0
008 - FIXED-LENGTH DATA ELEMENTS--GENERAL INFORMATION
fixed length control field s1930 j 000 0 eng u
040 ## - CATALOGING SOURCE
Transcribing agency
100 1# - MAIN ENTRY--PERSONAL NAME
Personal name Lineberger, Lawrence Otto.
245 10 - TITLE STATEMENT
Title Cardinal characters in the New Testament:
Remainder of title a study in transition.
260 ## - PUBLICATION, DISTRIBUTION, ETC. (IMPRINT)
Place of publication, distribution, etc Philadelphia, PA., :
Name of publisher, distributor, etc Dorrance & Company, Inc.
Date of publication, distribution, etc c1930
300 ## - PHYSICAL DESCRIPTION
Extent 233 p. ;
Dimensions 20 cm.
650 ## - SUBJECT ADDED ENTRY--TOPICAL TERM
Topical term or geographic name as entry element Bible New Testament
General subdivision Biography
942 ## - ADDED ENTRY ELEMENTS (KOHA)
Source of classification or shelving scheme
Koha item type Books
Copies
Date acquired Withdrawn status Not for loan Full call number Koha item type Source of classification or shelving scheme Price effective from Date last seen Barcode Shelving location Permanent Location Lost status Copy number Damaged status
2010-04-14  BS 2430 .L488Books 2010-04-142018-03-162827General StacksRHEMA Bible Training College 1